000 00306nam a2200133 i 4500
001 bg
100 1 _aZAJMAN, DŻ.
245 0 _aSovremennaja kvantovaja teorija /
_cDż. Zajman.
260 _aMoskva,
_c1971.
040 _cBPK
041 _apol
942 _cKS
008 s pl f |000 0 pol
999 _c14110
_d14110
856 _uhttp://koha.tu.koszalin.pl/cgi-bin/koha/opac-detail.pl?biblionumber=14110
_yKatalog online BPK